000 00432nam a2200181Ia 4500
001 11613
005 20260306162841.0
008 260306t2007||||xx |||||||||||||| ||spa||
041 _aESP
082 _a985.4
_bZ24
100 _aZamácola y Jáuregui, Juan Domingo de
_eAUT
245 0 _aApuntes para la historia de Arequipa
260 _c2007
300 _a
_c
650 _aGEN
654 _aCHU
942 _cLIB
_dJUS
_fJUS
_2ddc
_n
999 _c11613
_d11613